000 00515 a2200169 4500
999 _c7748
_d7748
010 _aENG-88211
020 _a8189937014
_c625.00
035 _aEN-71744
037 _bDBAD / PUB
082 1 4 _a070.409
100 1 _aMurthy, M.S.N.
245 1 _aHistory of Journalism /
_cby M.S.N. Murthy
260 _aNew Delhi
_bArise Publishers & Distributors
_c2008
270 _a4648/1, 21, Ansari Road, Darya Ganj
_bNew Delhi
_e110 002
300 _a240p.
_c21 cm (Hb)
942 _adpl
_cEN
_2ddc
_h070.409
_mMUR